| 000 | 00631nam a2200205Ia 4500 | ||
|---|---|---|---|
| 003 | GCL | ||
| 008 | 140319s9999 xx 000 0 ara d | ||
| 040 |
_aGCL / _cGCL |
||
| 082 | 0 | 4 |
_a323.3 _bع ف |
| 100 | 1 | _aعبدالقادر ياسين | |
| 245 | 1 | 0 |
_aفن ادارة الصراع الطبقى / _cعبدالقادر ياسين |
| 300 | _a118 | ||
| 490 |
_aكتاب _v0 |
||
| 650 | 0 | 4 | _aالطبقات الاجتماعية |
| 650 | 0 | 4 | _aالمذاهب السياسية |
| 650 | 0 | 4 | _aالمجتمع الطبقى |
| 650 | 0 | 4 | _aالصراع الاجتماعى |
| 650 | 0 | 4 | _aالمجتمع اللاطبقى |
| 942 |
_2ddc _cBK |
||
| 999 |
_c41214 _d41214 |
||